The fellowship of the ring (Record no. 61625)

MARC details
000 -LEADER
fixed length control field 00767nam a2200277 i 4500
001 - CONTROL NUMBER
control field C2-0247852
003 - CONTROL NUMBER IDENTIFIER
control field PPAK
005 - DATE AND TIME OF LATEST TRANSACTION
control field 20180727212310.0
008 - FIXED-LENGTH DATA ELEMENTS--GENERAL INFORMATION
fixed length control field 030402s2001 enka|||| ||||| | eng d
020 ## - INTERNATIONAL STANDARD BOOK NUMBER
International Standard Book Number 000712970X
040 ## - CATALOGING SOURCE
Original cataloging agency PPAK
Language of cataloging eng
Transcribing agency PPAK
Description conventions rda
082 04 - DEWEY DECIMAL CLASSIFICATION NUMBER
Classification number 823
Edition number 23
090 00 - LOCALLY ASSIGNED LC-TYPE CALL NUMBER (OCLC); LOCAL CALL NUMBER (RLIN)
Classification number (OCLC) (R) ; Classification number, CALL (RLIN) (NR) 823
Feature heading TOL
Feature heading G
100 1# - MAIN ENTRY--PERSONAL NAME
Personal name Tolkien, J. R. R.,
Relator term author
245 14 - TITLE STATEMENT
Title The fellowship of the ring
264 #1 - PRODUCTION, PUBLICATION, DISTRIBUTION, MANUFACTURE, AND COPYRIGHT NOTICE
Place of production, publication, distribution, manufacture London :
Name of producer, publisher, distributor, manufacturer Harper Collins ,
Date of production, publication, distribution, manufacture, or copyright notice 2001
300 ## - PHYSICAL DESCRIPTION
Extent xvi, 398 pages :
Other physical details illustrations (maps) ;
Dimensions 20 cm
336 ## - CONTENT TYPE
Source rdacontent
Content type term text
337 ## - MEDIA TYPE
Source rdamedia
Media type term unmediated
338 ## - CARRIER TYPE
Source rdacarrier
Carrier type term volume
490 1# - SERIES STATEMENT
Series statement Modern classics
500 ## - GENERAL NOTE
General note The lord of the rings (Part 1)
650 10 - SUBJECT ADDED ENTRY--TOPICAL TERM
Topical term or geographic name entry element English fiction
830 #0 - SERIES ADDED ENTRY--UNIFORM TITLE
Uniform title Modern classics
942 ## - ADDED ENTRY ELEMENTS (KOHA)
-- dc
Koha item type Book
Holdings
Withdrawn Not for loan Current library Shelving location Date acquired Total Checkouts Full call number Barcode Date last seen Date last checked out Koha item type
    Perpustakaan Baling Pinjaman Dewasa 02/04/2003 2 823 TOL A01024167 30/09/2024 08/09/2024 Book
    Perpustakaan Baling Pinjaman Dewasa 21/04/2003   823 TOL A01026681 08/05/2018   Book
    Perpustakaan Kulim Pinjaman Dewasa 28/09/2004   823 TOL A01070340 08/05/2018   Book